000 00261nam a2200109 a 4500
005 20140414093828.0
008 030502s19uu xx 00 eng d
050 _aVHS 500
_bR 09
245 _aDiscovery channel :
_bgiant leap.
942 _cAVM
999 _c108541
_d108541